Igualdad de trato en el derecho de sociedades
Gespeichert in:
| 1. Verfasser: | |
|---|---|
| Format: | Buch |
| Sprache: | Spanisch |
| Veröffentlicht: |
Valencia
Tirant lo Blanch
2007
|
| Schriftenreihe: | Propuestas
|
| Schlagworte: | |
| Tags: |
Tag hinzufügen
Keine Tags, Fügen Sie den ersten Tag hinzu!
|
MARC
| LEADER | 00000nam a2200000 a 4500 | ||
|---|---|---|---|
| 001 | UCI5201 | ||
| 003 | CL-VaPUC | ||
| 008 | 080314e20070000SP |||||||||||||||||spa|d | ||
| 020 | |a 9788484567851 | ||
| 082 | 0 | 4 | |a 346.06 |b RUI |2 21 |
| 100 | 0 | |a Ruiz Peris, Juan Ignacio |e author |9 527358 | |
| 245 | 1 | 0 | |a Igualdad de trato en el derecho de sociedades |
| 300 | |a 389 p | ||
| 942 | |c BK | ||
| 945 | |d 20080314 00:00:00 |a jtorresc | ||
| 260 | |a Valencia |b Tirant lo Blanch |c 2007 | ||
| 650 | 0 | |a Sociedades |9 259052 | |
| 650 | 7 | |a CONTRATO DE SOCIEDAD |2 CL-VaPUC |9 398370 | |
| 650 | 0 | |a Derecho societario |9 430901 | |
| 650 | 7 | |a SOCIEDAD COLECTIVA |2 CL-VaPUC |9 430899 | |
| 650 | 0 | |a Derecho a la información |9 256185 | |
| 650 | 7 | |a IGUALDAD DE DERECHOS |2 CL-VaPUC |9 450533 | |
| 583 | |a last modification |c 20161104 05:10:21 |k Rodrigo Vera | ||
| 490 | 0 | |a Propuestas | |
| 999 | |c 328964 |d 328962 | ||
| 952 | |0 0 |1 0 |4 0 |6 346_060000000000000_RUI_2007 |7 0 |8 A |9 413186 |a BIBDER |b BIBDER |d 2019-11-22 |i 4415426 |o 346.06 RUI 2007 |p 4415426 |r 2023-01-25 |w 2019-11-22 |y BK |k DER | ||